Tilastot visalle Gabonia lähimmät maat - Minuutin sprintti

Klikkaa tästä pelataksesi tätä visaa!

Yleistilastot

  • Tätä visaa on pelattu 5 kertaa
  • Keskiarvotulos 11 / 20

Vastaustilastot

kmmaa% Oikein
0Kamerun
100%
0Kongo
100%
158Kongon demokraattinen tasavalta
100%
1184Niger
100%
418Nigeria
100%
969Benin
75%
232Keski-Afrikan tasavalta
75%
1044Togo
75%
118Angola
50%
1314Etelä-Sudan
50%
1091Ghana
50%
1463Namibia
50%
0Päiväntasaajan Guinea
50%
237São Tomé ja Príncipe
50%
1429Burkina Faso
25%
1442Côte d'Ivoire
25%
1396Sudan
25%
637Tšad
25%
1604Ruanda
0%
1435Sambia
0%

Tulosjakauma

Persentiili vastausten määrän mukaan

Jokaisen tuloksen saaneiden osuus

Tuloshistoriasi

Et ole pelannut tätä visaa